Hội nghị Môi trường toàn quốc 2005

Wedi'i Gadw mewn:
Manylion Llyfryddiaeth
Awduron Corfforaethol: Bộ Tài nguyên và Môi trường, Cục Bảo vệ Môi trường
Fformat: Llyfr
Iaith:Undetermined
Cyhoeddwyd: Hà Nội 2005
Pynciau:
Tagiau: Ychwanegu Tag
Dim Tagiau, Byddwch y cyntaf i dagio'r cofnod hwn!
Thư viện lưu trữ: Trung tâm Học liệu Trường Đại học Cần Thơ
LEADER 00628nam a2200181Ia 4500
001 CTU_103390
008 210402s9999 xx 000 0 und d
082 |a 363.7 
082 |b B450 
110 |a Bộ Tài nguyên và Môi trường 
110 |b Cục Bảo vệ Môi trường 
245 0 |a Hội nghị Môi trường toàn quốc 2005 
245 0 |c Bộ Tài nguyên và Môi trường. Cục Bảo vệ Môi trường 
260 |a Hà Nội 
260 |c 2005 
650 |a Environmental protection 
904 |i Truc 
980 |a Trung tâm Học liệu Trường Đại học Cần Thơ